[Event "Jack Taylor mem"]
[Site "Victoria CAN"]
[Date "2007.11.24"]
[Round "2.5"]
[White "Jarquin, Charlie"]
[Black "Stewart, Deron"]
[Result "1-0"]
[WhiteElo "1839"]
[BlackElo "1434"]
[PlyCount "106"]
[GameId "2160767910565981"]
[EventDate "2007.11.24"]
[EventType "swiss"]
[EventRounds "5"]
[EventCountry "CAN"]

1. e4 c5 2. Nc3 Nc6 3. g3 d6 4. f4 Nf6 5. Bg2 Rb8 6. a4 a6 7. Nf3 e6 8. d3 Be7 9. O-O O-O 10. h3 Qc7 11. g4 b5 12. axb5 axb5 13. Ne2 Bb7 14. Ng3 Ra8 15. Rxa8 Rxa8 16. g5 Nd7 17. f5 d5 18. Nh5 dxe4 19. dxe4 exf5 20. Bf4 Nce5 21. Nxe5 Nxe5 22. exf5 Bxg2 23. Kxg2 Bd6 24. Qd5 Rd8 25. Re1 Nc4 26. b3 Bxf4 27. Nxf4 Nb6 28. Qe5 Qd7 29. Qxc5 Qd2+ 30. Qf2 Qc3 31. Qxb6 Rd2+ 32. Ne2 Qc8 33. Qe3 Rxc2 34. Rc1 Qc6+ 35. Kf2 Rxc1 36. Qxc1 Qd7 37. Qf4 Qa7+ 38. Kg3 g6 39. f6 b4 40. Qd4 Qc7+ 41. Nf4 h6 42. Qxb4 Qa7 43. Qc4 Qe3+ 44. Kg2 Qd2+ 45. Kf3 Qd1+ 46. Ke3 Qg1+ 47. Kd3 Qxg5 48. Qd4 Qb5+ 49. Kc3 Qc6+ 50. Kb2 Qc7 51. b4 Qb8 52. Qc3 Qa8 53. Qe5 Qf3 1-0

[Event "Jack Taylor mem"]
[Site "Victoria CAN"]
[Date "2007.11.24"]
[Round "2.6"]
[White "Leblanc, Paul"]
[Black "Harper, Dave"]
[Result "1-0"]
[WhiteElo "1955"]
[BlackElo "1066"]
[PlyCount "43"]
[GameId "2160767910565982"]
[EventDate "2007.11.24"]
[EventType "swiss"]
[EventRounds "5"]
[EventCountry "CAN"]

1. d4 g6 2. g3 d5 3. Bg2 e6 4. Nf3 Bg7 5. O-O Ne7 6. c4 Nd7 7. Nc3 c6 8. Bf4 O-O 9. Rc1 f6 10. Bd6 Rf7 11. e4 Nf8 12. Ba3 Bd7 13. Bxe7 Qxe7 14. cxd5 cxd5 15. exd5 e5 16. Re1 Qd6 17. dxe5 fxe5 18. Ng5 Re7 19. Nge4 Qb6 20. Qd2 Rc8 21. d6 Ree8 22. Nd5 1-0

[Event "Jack Taylor mem"]
[Site "Victoria CAN"]
[Date "2007.12.24"]
[Round "2.7"]
[White "Rustam, Braden"]
[Black "Mugford, Chris"]
[Result "0-1"]
[WhiteElo "1301"]
[BlackElo "1672"]
[PlyCount "34"]
[GameId "2160767910565983"]
[EventDate "2007.11.24"]
[EventType "swiss"]
[EventRounds "5"]
[EventCountry "CAN"]

1. e4 c5 2. Nf3 g6 3. d4 Bg7 4. dxc5 Qa5+ 5. Qd2 Qxc5 6. Bd3 Nf6 7. Nc3 e6 8. O-O O-O 9. Ne2 d5 10. exd5 Nxd5 11. c3 b6 12. Ng3 Ba6 13. Re1 Bxd3 14. Qxd3 Nc6 15. Be3 Qe7 16. Rad1 Ncb4 17. cxb4 Nxb4 0-1

[Event "Jack Taylor mem"]
[Site "Victoria CAN"]
[Date "2007.11.24"]
[Round "2.8"]
[White "Churchill, Sam"]
[Black "Paulson, Stewart"]
[Result "1-0"]
[WhiteElo "1670"]
[BlackElo "1606"]
[PlyCount "105"]
[GameId "2160767910565984"]
[EventDate "2007.11.24"]
[EventType "swiss"]
[EventRounds "5"]
[EventCountry "CAN"]

1. e4 d5 2. exd5 Qxd5 3. Nc3 Qd8 4. d4 e6 5. Nf3 Nf6 6. Bd3 c5 7. dxc5 Bxc5 8. O-O Nbd7 9. Bf4 O-O 10. Ng5 e5 11. Bg3 g6 12. Nce4 Nxe4 13. Nxe4 Qb6 14. b3 Re8 15. Bc4 Nf8 16. Qf3 Bf5 17. Bh4 Be7 18. Bg3 Qc7 19. Nc3 Qa5 20. Nd5 e4 21. Qe2 Ne6 22. Be5 Qc5 23. Rad1 a6 24. Nf6+ Bxf6 25. Bxf6 Nf4 26. Qd2 Nh5 27. Bd4 Qe7 28. Qe3 Rac8 29. Rfe1 b5 30. Be2 Nf6 31. c4 bxc4 32. Bxc4 Ng4 33. Qg3 Rc6 34. h3 Ne5 35. Bxe5 Qxe5 36. Qxe5 Rxe5 37. Rd4 Kg7 38. g4 Bc8 39. Rdxe4 Rxe4 40. Rxe4 Be6 41. Bxe6 Rxe6 42. Rxe6 fxe6 43. f4 a5 44. Kf2 Kf6 45. Ke3 e5 46. a3 h6 47. b4 exf4+ 48. Kxf4 g5+ 49. Ke4 axb4 50. axb4 Ke6 51. b5 Kd6 52. Kf5 Kc5 53. Kg6 1-0

[Event "Jack Taylor mem"]
[Site "Victoria CAN"]
[Date "2007.11.25"]
[Round "3"]
[White "Gansvind, Valeriya"]
[Black "Wu, Howard"]
[Result "1-0"]
[WhiteElo "2210"]
[BlackElo "2211"]
[PlyCount "46"]
[GameId "2160767910565985"]
[EventDate "2007.11.24"]
[EventType "swiss"]
[EventRounds "5"]
[EventCountry "CAN"]
[SourceTitle "EXT 2014"]
[Source "ChessBase"]
[SourceDate "2013.11.20"]
[SourceVersion "1"]
[SourceVersionDate "2013.11.20"]
[SourceQuality "1"]

1. d4 Nf6 2. Bg5 Ne4 3. Bf4 c5 4. f3 Qa5+ 5. c3 Nf6 6. Nd2 cxd4 7. Nb3 Qf5 8. Bxb8 Rxb8 9. Qxd4 b6 10. e4 Qf4 11. Nh3 Qc7 12. e5 Ng8 13. Ng5 f6 14. exf6 Nxf6 15. Bd3 e6 16. Bb5 e5 17. Qd3 Qd6 18. Qxd6 Bxd6 19. O-O-O Bc5 20. Rhe1 h6 21. Rxe5+ Kf8 22. Ne6+ Kf7 23. Nexc5 bxc5 1-0

[Event "Jack Taylor mem"]
[Site "Victoria CAN"]
[Date "2007.11.24"]
[Round "3.2"]
[White "Leblanc, Paul"]
[Black "Patterson, Roger"]
[Result "0-1"]
[WhiteElo "1955"]
[BlackElo "2230"]
[PlyCount "84"]
[GameId "2160767910565987"]
[EventDate "2007.11.24"]
[EventType "swiss"]
[EventRounds "5"]
[EventCountry "CAN"]

1. d4 Nf6 2. g3 e6 3. Bg2 d5 4. Nf3 Be7 5. O-O O-O 6. c4 b6 7. Nc3 Bb7 8. Bf4 dxc4 9. Qa4 Nd5 10. Bd2 c6 11. a3 b5 12. Qc2 Nd7 13. e4 Nxc3 14. bxc3 a6 15. a4 Qc7 16. Rfe1 Rfe8 17. Bf4 Bd6 18. e5 Be7 19. a5 c5 20. Bg5 Bxf3 21. Bxf3 Bxg5 22. Bxa8 Rxa8 23. f4 Be7 24. Qe4 Rc8 25. d5 exd5 26. Qxd5 Nb8 27. Qe4 Qc6 28. Qe2 Rd8 29. e6 Qxe6 30. Qxe6 fxe6 31. Rxe6 Kf7 32. Rb6 Bd6 33. Re1 Bc7 34. Rbe6 Rd7 35. Re8 Bxa5 36. Rxb8 Bxc3 37. Ree8 Bd2 38. f5 c3 39. Rf8+ Ke7 40. Rfe8+ Kd6 41. Rb6+ Kd5 42. Re2 Kc4 0-1

[Event "Jack Taylor mem"]
[Site "Victoria CAN"]
[Date "2007.11.24"]
[Round "3.3"]
[White "Jarquin, Charlie"]
[Black "Ozkan, Charlie"]
[Result "0-1"]
[WhiteElo "1839"]
[BlackElo "1927"]
[PlyCount "68"]
[GameId "2160767910565988"]
[EventDate "2007.11.24"]
[EventType "swiss"]
[EventRounds "5"]
[EventCountry "CAN"]

1. e4 c5 2. Nc3 Nc6 3. g3 e6 4. Bg2 a6 5. a4 Nge7 6. d3 d5 7. exd5 exd5 8. Bg5 Be6 9. Nf3 h6 10. Bd2 Qd7 11. O-O Bh3 12. Re1 Bxg2 13. Kxg2 O-O-O 14. a5 Kb8 15. Na4 Nc8 16. Bf4+ Ka7 17. Ne5 Nxe5 18. Rxe5 f6 19. Re1 g5 20. Be3 d4 21. Bd2 h5 22. Qe2 Bd6 23. Qe6 Qc6+ 24. Qe4 Qd7 25. Qe6 Qc6+ 26. Qe4 Qc7 27. Qf5 Be5 28. Rxe5 fxe5 29. Qxg5 h4 30. Qg4 Rdg8 31. Qf3 hxg3 32. hxg3 Qh7 33. Nxc5 Rf8 34. Qe4 Qh2+ 0-1

[Event "Jack Taylor mem"]
[Site "Victoria CAN"]
[Date "2007.11.25"]
[Round "3.4"]
[White "Moore, Harry"]
[Black "Tate, William"]
[Result "1-0"]
[WhiteElo "2303"]
[BlackElo "1826"]
[PlyCount "100"]
[GameId "2160767910565989"]
[EventDate "2007.11.24"]
[EventType "swiss"]
[EventRounds "5"]
[EventCountry "CAN"]

1. d4 f5 2. e4 fxe4 3. Nc3 Nf6 4. Bg5 d5 5. Bxf6 exf6 6. Qh5+ g6 7. Qxd5 Qe7 8. Qxe4 Qxe4+ 9. Nxe4 Bg7 10. O-O-O O-O 11. Bc4+ Kh8 12. h4 Bf5 13. Ng3 Bd7 14. h5 Bh6+ 15. Kb1 g5 16. Nf3 b5 17. Bd3 Na6 18. Bf5 Rfd8 19. Nh2 Bg7 20. h6 Bxh6 21. Be4 Re8 22. Bxa8 Rxa8 23. Nf3 Bg7 24. Rde1 Bg4 25. Re7 h6 26. Nh5 Bxh5 27. Rxh5 Kh7 28. Rh1 Rd8 29. Rhe1 Kg6 30. a3 Bf8 31. Re8 Rxe8 32. Rxe8 Bd6 33. Ra8 c6 34. Rxa7 Nc7 35. Rb7 g4 36. Nd2 f5 37. Rb6 Bf4 38. Rxc6+ Kg5 39. Nf1 Nd5 40. Rc5 Nf6 41. Rxb5 h5 42. g3 Bd6 43. Ne3 Kg6 44. Nxf5 Bc7 45. d5 Ne4 46. d6 Bd8 47. Ne7+ Kh6 48. Rb8 h4 49. gxh4 Nxd6 50. Rxd8 Ne4 1-0

[Event "Jack Taylor mem"]
[Site "Victoria CAN"]
[Date "2007.11.25"]
[Round "3.7"]
[White "Bates, Darren"]
[Black "Vojakine, Andrei"]
[Result "1-0"]
[WhiteElo "1603"]
[BlackElo "1161"]
[PlyCount "49"]
[GameId "2160767910565990"]
[EventDate "2007.11.24"]
[EventType "swiss"]
[EventRounds "5"]
[EventCountry "CAN"]

1. e4 e5 2. Nf3 Nf6 3. d3 c6 4. Be2 Qc7 5. a3 g6 6. Nc3 Bg7 7. Bg5 O-O 8. Qd2 d6 9. h3 Be6 10. Bh6 Bxh6 11. Qxh6 Re8 12. Ng5 d5 13. O-O-O d4 14. Nxe6 fxe6 15. Nb1 Qg7 16. Qd2 Rf8 17. g4 Nbd7 18. g5 Ne8 19. Bg4 Nc7 20. h4 Rf7 21. f3 Nc5 22. h5 Rf4 23. hxg6 hxg6 24. Rh6 Kf7 25. Rdh1 1-0

[Event "Jack Taylor mem"]
[Site "Victoria CAN"]
[Date "2007.11.25"]
[Round "4"]
[White "Patterson, Roger"]
[Black "Gansvind, Valeriya"]
[Result "1/2-1/2"]
[WhiteElo "2140"]
[BlackElo "2210"]
[PlyCount "62"]
[GameId "2160767910565991"]
[EventDate "2007.11.24"]
[EventType "swiss"]
[EventRounds "5"]
[EventCountry "CAN"]
[SourceTitle "EXT 2014"]
[Source "ChessBase"]
[SourceDate "2013.11.20"]
[SourceVersion "1"]
[SourceVersionDate "2013.11.20"]
[SourceQuality "1"]

1. e4 c5 2. Nf3 a6 3. d4 cxd4 4. Nxd4 Nf6 5. Nc3 e5 6. Nb3 Bb4 7. Bd2 O-O 8. Nd5 Nxd5 9. exd5 Be7 10. Be2 d6 11. O-O Nd7 12. a4 b6 13. c4 Nc5 14. a5 Rb8 15. axb6 Nxb3 16. Qxb3 Rxb6 17. Qc2 Rb8 18. Kh1 g6 19. b4 f5 20. f4 exf4 21. Rxf4 Bf6 22. Ra3 Re8 23. Bd3 Be5 24. Rf3 Kh8 25. g3 Bb7 26. Bf1 Rc8 27. Bc3 Qf6 28. Qd2 Re7 29. Kg1 h5 30. Bxe5 Rxe5 31. Rfe3 Rce8 1/2-1/2

[Event "Jack Taylor mem"]
[Site "Victoria CAN"]
[Date "2007.11.25"]
[Round "4.2"]
[White "Ozkan, Charlie"]
[Black "Moore, Harry"]
[Result "1/2-1/2"]
[WhiteElo "1927"]
[BlackElo "2303"]
[PlyCount "92"]
[GameId "2160767910565992"]
[EventDate "2007.11.24"]
[EventType "swiss"]
[EventRounds "5"]
[EventCountry "CAN"]

1. Nf3 c5 2. c4 g6 3. g3 Bg7 4. Bg2 Nc6 5. Nc3 d6 6. O-O a6 7. a3 Rb8 8. d3 b5 9. cxb5 axb5 10. Ng5 Bd7 11. Qb3 Nh6 12. Nce4 O-O 13. Qd1 f5 14. Nd2 Qc8 15. e3 Kh8 16. Rb1 b4 17. a4 Ne5 18. Qc2 Qa6 19. Nc4 Nef7 20. Nxf7+ Nxf7 21. b3 Bc6 22. Bb2 Bxg2 23. Bxg7+ Kxg7 24. Kxg2 Qc6+ 25. f3 e5 26. e4 Ng5 27. h4 Ne6 28. Qd2 Nd4 29. h5 Rf6 30. Ne3 gxh5 31. Nd5 Rg6 32. Ne7 Qd7 33. Nxg6 hxg6 34. Qg5 Qe6 35. exf5 Nxf5 36. Rh1 Nd4 37. Rxh5 Qf6 38. Qxf6+ Kxf6 39. Rh7 Ra8 40. Rd7 Ra6 41. Rd8 Ke7 42. Rg8 Nf5 43. Kf2 Ra7 44. g4 Kf7 45. Rd8 Ke7 46. Rg8 Kf7 1/2-1/2

[Event "Jack Taylor mem"]
[Site "Victoria CAN"]
[Date "2007.11.25"]
[Round "4.3"]
[White "Wu, Howard"]
[Black "Leblanc, Paul"]
[Result "1-0"]
[WhiteElo "2257"]
[BlackElo "1955"]
[PlyCount "81"]
[GameId "2160767910565993"]
[EventDate "2007.11.24"]
[EventType "swiss"]
[EventRounds "5"]
[EventCountry "CAN"]

1. Nf3 d5 2. b3 Bf5 3. Bb2 e6 4. g3 Nf6 5. Bg2 Be7 6. O-O h6 7. d4 Nbd7 8. c4 c6 9. Nbd2 O-O 10. Ne5 Nxe5 11. dxe5 Nd7 12. e4 dxe4 13. Nxe4 Bxe4 14. Bxe4 Nc5 15. Bc2 Qxd1 16. Raxd1 Rfd8 17. Bd4 Na6 18. Be3 Nb4 19. Bb1 c5 20. f4 b6 21. a3 Na6 22. g4 Rxd1 23. Rxd1 Rd8 24. Rf1 Nc7 25. Kg2 Rd7 26. Kg3 Rd8 27. h4 Kh8 28. Be4 Kg8 29. f5 f6 30. fxe6 fxe5 31. Rf7 Bd6 32. Bd5 Kh8 33. g5 hxg5 34. Bxg5 Re8 35. Rd7 Nxd5 36. cxd5 Bb8 37. e7 Kg8 38. d6 Kf7 39. Rd8 b5 40. Rxb8 Rxb8 41. d7 1-0

[Event "Jack Taylor mem"]
[Site "Victoria CAN"]
[Date "2007.11.25"]
[Round "4.4"]
[White "Jarquin, Charlie"]
[Black "Churchill, Sam"]
[Result "1-0"]
[WhiteElo "1839"]
[BlackElo "1670"]
[PlyCount "23"]
[GameId "2160767910565994"]
[EventDate "2007.11.24"]
[EventType "swiss"]
[EventRounds "5"]
[EventCountry "CAN"]

1. e4 d6 2. d4 d5 3. Nd2 Nc6 4. Ngf3 Nf6 5. e5 Nd7 6. Bd3 f6 7. O-O fxe5 8. dxe5 Ndxe5 9. Nxe5 Nxe5 10. Qh5+ Nf7 11. f4 g6 12. Qe2 1-0

[Event "Jack Taylor mem"]
[Site "Victoria CAN"]
[Date "2007.11.25"]
[Round "4.5"]
[White "Boyle, Phillip"]
[Black "Bates, Darren"]
[Result "1-0"]
[WhiteElo "1683"]
[BlackElo "1603"]
[PlyCount "109"]
[GameId "2160767910565995"]
[EventDate "2007.11.24"]
[EventType "swiss"]
[EventRounds "5"]
[EventCountry "CAN"]

1. d4 Nf6 2. c4 e6 3. Nf3 Bb4+ 4. Bd2 Bxd2+ 5. Nbxd2 d5 6. e3 Nc6 7. Rc1 O-O 8. a3 Na5 9. b4 Nxc4 10. Nxc4 dxc4 11. Bxc4 c6 12. O-O a5 13. b5 cxb5 14. Bxb5 Bd7 15. Qa4 Bxb5 16. Qxb5 Qe7 17. a4 Qb4 18. Rb1 Qxb5 19. Rxb5 Nd5 20. Rxb7 Nc3 21. Ra1 Rfb8 22. Rxb8+ Rxb8 23. h3 Rb4 24. Ne5 Rxa4 25. Rxa4 Nxa4 26. Nc6 Kf8 27. Nxa5 Ke7 28. Kf1 Kd6 29. Nc4+ Kd5 30. Nd2 Nc3 31. g4 g5 32. Kg2 f5 33. gxf5 exf5 34. Nf3 h6 35. h4 g4 36. Ne5 h5 37. Ng6 Ke6 38. Nf4+ Kf7 39. Nxh5 Nd5 40. Nf4 Nf6 41. h5 Ne4 42. f3 gxf3+ 43. Kxf3 Kf6 44. Kg2 Kg5 45. d5 Nf6 46. Kh3 Ne4 47. Kg2 Nc3 48. Kf3 Ne4 49. Ke2 Kf6 50. Kd3 Ke5 51. Kc4 Kd6 52. Kd4 Nf6 53. h6 Nh7 54. Ng6 Nf6 55. Nh4 1-0

[Event "Jack Taylor mem"]
[Site "Victoria CAN"]
[Date "2007.12.25"]
[Round "4.6"]
[White "Mugford, Chris"]
[Black "Stewart, Deron"]
[Result "0-1"]
[WhiteElo "1672"]
[BlackElo "1434"]
[PlyCount "76"]
[GameId "2160767910565996"]
[EventDate "2007.11.24"]
[EventType "swiss"]
[EventRounds "5"]
[EventCountry "CAN"]

1. Nf3 Nf6 2. d4 d5 3. g3 g6 4. Bg2 Bg7 5. O-O O-O 6. b3 c6 7. Bb2 Qc7 8. Nbd2 Re8 9. e3 Bg4 10. c4 e6 11. c5 Nbd7 12. b4 Nh5 13. Qc2 Bxf3 14. Bxf3 Nhf6 15. a4 e5 16. dxe5 Nxe5 17. Bg2 Nfd7 18. Nf3 Nxf3+ 19. Bxf3 Nf6 20. Bd4 Ne4 21. Rfe1 Re7 22. Re2 Rae8 23. Rae1 Qd7 24. Qb2 Bxd4 25. Qxd4 Qf5 26. Bg2 Ng5 27. Rb2 Nf3+ 28. Bxf3 Qxf3 29. Reb1 Re4 30. Qd1 Qxd1+ 31. Rxd1 a6 32. Rd4 f5 33. Rbd2 Kf7 34. Kg2 Kf6 35. Rxe4 Rxe4 36. Rd4 g5 37. Kf1 Ke5 38. Ke2 Rxd4 0-1

[Event "Jack Taylor mem"]
[Site "Victoria CAN"]
[Date "2007.11.25"]
[Round "4.8"]
[White "Harper, Dave"]
[Black "Paulson, Stewart"]
[Result "0-1"]
[WhiteElo "1066"]
[BlackElo "1606"]
[PlyCount "54"]
[GameId "2160767910565997"]
[EventDate "2007.11.24"]
[EventType "swiss"]
[EventRounds "5"]
[EventCountry "CAN"]

1. d4 Nf6 2. Bf4 e6 3. e3 b6 4. Nd2 Bb7 5. Bd3 Bxg2 6. Qe2 Bxh1 7. O-O-O Bg2 8. Ngf3 Bxf3 9. Nxf3 Bd6 10. Ne5 Bxe5 11. Bxe5 Nc6 12. Rg1 g6 13. Bxf6 Qxf6 14. Be4 Qe7 15. Qa6 O-O 16. c3 d5 17. Bd3 Qh4 18. Rg2 Ne7 19. Qa3 a5 20. Qb3 Nc8 21. Qd1 Nd6 22. Qg1 Nf5 23. e4 dxe4 24. Rg4 Qf6 25. Bxe4 Rac8 26. h4 Nxh4 27. Qh1 Nf5 0-1

[Event "Jack Taylor mem"]
[Site "Victoria CAN"]
[Date "2007.11.25"]
[Round "4.9"]
[White "Vojakine, Andrei"]
[Black "Renaud, Joshua"]
[Result "0-1"]
[WhiteElo "1161"]
[BlackElo "1334"]
[PlyCount "32"]
[GameId "2160767910565998"]
[EventDate "2007.11.24"]
[EventType "swiss"]
[EventRounds "5"]
[EventCountry "CAN"]

1. d4 Nf6 2. c4 c5 3. e3 e6 4. Nf3 d5 5. cxd5 Nxd5 6. e4 Nf6 7. Nc3 cxd4 8. Bb5+ Bd7 9. Nxd4 Bb4 10. Qd3 O-O 11. O-O a6 12. Bc4 Nc6 13. e5 Nxe5 14. Qh3 Nxc4 15. Re1 e5 16. Nf3 Bxh3 0-1

[Event "Jack Taylor mem"]
[Site "Victoria CAN"]
[Date "2007.11.25"]
[Round "5"]
[White "Gansvind, Valeriya"]
[Black "Ozkan, Charlie"]
[Result "1-0"]
[WhiteElo "2210"]
[BlackElo "1993"]
[PlyCount "53"]
[GameId "2160767910565999"]
[EventDate "2007.11.24"]
[EventType "swiss"]
[EventRounds "5"]
[EventCountry "CAN"]
[SourceTitle "EXT 2014"]
[Source "ChessBase"]
[SourceDate "2013.11.20"]
[SourceVersion "1"]
[SourceVersionDate "2013.11.20"]
[SourceQuality "1"]

1. d4 f5 2. Bg5 g6 3. e3 Bg7 4. h4 Nf6 5. h5 Nxh5 6. Rxh5 gxh5 7. Qxh5+ Kf8 8. Qf3 d5 9. Nc3 c6 10. Bd3 Qd7 11. g4 e6 12. Nge2 Na6 13. a3 h6 14. Bh4 Qf7 15. gxf5 exf5 16. O-O-O Ke8 17. Nf4 Bf6 18. Bxf6 Qxf6 19. Rg1 Nc7 20. Nh5 Qf8 21. Qf4 Ne6 22. Qe5 Kd8 23. Rg6 Qe8 24. Rxe6 Bxe6 25. Ng7 Qe7 26. Nxe6+ Kd7 27. Nc5+ 1-0

[Event "Jack Taylor mem"]
[Site "Victoria CAN"]
[Date "2007.11.25"]
[Round "5.2"]
[White "Wu, Howard"]
[Black "Patterson, Roger"]
[Result "0-1"]
[WhiteElo "2257"]
[BlackElo "2230"]
[PlyCount "54"]
[GameId "2160767910566001"]
[EventDate "2007.11.24"]
[EventType "swiss"]
[EventRounds "5"]
[EventCountry "CAN"]

1. e4 e5 2. Nf3 Nc6 3. Bc4 Bc5 4. c3 Nf6 5. b4 Bb6 6. d3 d6 7. O-O Ne7 8. Nbd2 Ng6 9. Bb3 c6 10. Nc4 Bc7 11. Re1 O-O 12. d4 exd4 13. cxd4 d5 14. exd5 Nxd5 15. Bg5 f6 16. Bd2 Kh8 17. Ne3 Be6 18. Rc1 Rc8 19. Qc2 Qd7 20. Qe4 Rfe8 21. Nh4 Bf7 22. Qf5 Qd6 23. Nxg6+ Bxg6 24. Qh3 Nf4 25. Qh4 Qxd4 26. Qg4 Qxd2 27. Rcd1 Qxb4 0-1

[Event "Jack Taylor mem"]
[Site "Victoria CAN"]
[Date "2007.11.25"]
[Round "5.3"]
[White "Boyle, Phillip"]
[Black "Moore, Harry"]
[Result "0-1"]
[WhiteElo "1683"]
[BlackElo "2303"]
[PlyCount "26"]
[GameId "2160767910566002"]
[EventDate "2007.11.24"]
[EventType "swiss"]
[EventRounds "5"]
[EventCountry "CAN"]

1. d4 Nf6 2. c4 e6 3. Nf3 b6 4. g3 Ba6 5. b3 Bb4+ 6. Bd2 Be7 7. Bg2 O-O 8. O-O c6 9. Re1 d5 10. cxd5 cxd5 11. Nc3 Nc6 12. a3 Rc8 13. b4 b5 0-1

[Event "Jack Taylor mem"]
[Site "Victoria CAN"]
[Date "2007.11.25"]
[Round "5.3"]
[White "Stewart, Deron"]
[Black "Harper, Dave"]
[Result "1-0"]
[WhiteElo "1434"]
[BlackElo "1066"]
[PlyCount "25"]
[GameId "2160767910566003"]
[EventDate "2007.11.24"]
[EventType "swiss"]
[EventRounds "5"]
[EventCountry "CAN"]

1. e4 c6 2. d4 d5 3. e5 Bf5 4. g4 Bd7 5. f4 e6 6. Nf3 c5 7. c3 Nc6 8. Be3 cxd4 9. cxd4 Nge7 10. Nc3 Na5 11. Bd3 a6 12. O-O Ng6 13. f5 1-0

[Event "Jack Taylor mem"]
[Site "Victoria CAN"]
[Date "2007.11.25"]
[Round "5.4"]
[White "Leblanc, Paul"]
[Black "Stewart, Deron"]
[Result "1-0"]
[WhiteElo "1955"]
[BlackElo "1434"]
[PlyCount "65"]
[GameId "2160767910566004"]
[EventDate "2007.11.24"]
[EventType "swiss"]
[EventRounds "5"]
[EventCountry "CAN"]

1. d4 Nf6 2. g3 d5 3. Bg2 c6 4. Nf3 g6 5. O-O Bg7 6. c4 e6 7. Nc3 O-O 8. Re1 Re8 9. b3 Nbd7 10. Bb2 Qc7 11. Rc1 Nb6 12. Ne5 Nfd7 13. Nxd7 Bxd7 14. cxd5 Qd6 15. dxe6 Bxe6 16. Ne4 Qe7 17. Nc5 Rad8 18. e3 Nd5 19. Qe2 Bc8 20. a3 h5 21. h4 Bg4 22. Bf3 Bxf3 23. Qxf3 Nf6 24. b4 Ng4 25. Bc3 Rd5 26. Rc2 Rf5 27. Qg2 Rd8 28. e4 Bxd4 29. exf5 Bxc3 30. Rxe7 Rd1+ 31. Qf1 Rxf1+ 32. Kxf1 Bd4 33. fxg6 1-0

[Event "Jack Taylor mem"]
[Site "Victoria CAN"]
[Date "2007.11.29"]
[Round "5.6"]
[White "Churchill, Sam"]
[Black "Vojakine, Andrei"]
[Result "1-0"]
[WhiteElo "1670"]
[BlackElo "1161"]
[PlyCount "75"]
[GameId "2160767910566005"]
[EventDate "2007.11.24"]
[EventType "swiss"]
[EventRounds "5"]
[EventCountry "CAN"]

1. e4 e5 2. d4 g6 3. dxe5 Nc6 4. f4 b6 5. Nf3 Bc5 6. Bc4 Qe7 7. Nbd2 Bb7 8. Nb3 Nh6 9. h3 f5 10. Nxc5 Qxc5 11. Qd5 Qxd5 12. Bxd5 O-O-O 13. Bd2 d6 14. exd6 Rxd6 15. O-O-O fxe4 16. Bxe4 Nd4 17. Bxb7+ Kxb7 18. Nxd4 Rxd4 19. Bc3 Rxd1+ 20. Rxd1 Re8 21. Re1 Rxe1+ 22. Bxe1 Nf5 23. Kd2 Kc6 24. Kd3 Kd5 25. Bf2 a6 26. g4 Nd6 27. Bd4 c5 28. Be5 c4+ 29. Ke3 b5 30. Bxd6 Kxd6 31. Ke4 Ke6 32. c3 h6 33. a3 a5 34. h4 h5 35. gxh5 gxh5 36. f5+ Kf6 37. Kf4 a4 38. Ke4 1-0

[Event "Jack Taylor mem"]
[Site "Victoria CAN"]
[Date "2007.11.25"]
[Round "5.7"]
[White "Tate, William"]
[Black "Paulson, Stewart"]
[Result "1-0"]
[WhiteElo "1826"]
[BlackElo "1606"]
[PlyCount "108"]
[GameId "2160767910566006"]
[EventDate "2007.11.24"]
[EventType "swiss"]
[EventRounds "5"]
[EventCountry "CAN"]

1. e4 e5 2. f4 exf4 3. Nf3 Be7 4. Bc4 Bh4+ 5. Kf1 Bf6 6. d4 d6 7. Bxf4 Be6 8. Qe2 Ne7 9. c3 Ng6 10. Bg3 O-O 11. h4 Bxc4 12. Qxc4 Nc6 13. Nbd2 Qd7 14. h5 Nh8 15. Bh4 Bxh4 16. Nxh4 Ne7 17. Qe2 f5 18. e5 dxe5 19. dxe5 Qe6 20. Nhf3 Nf7 21. Re1 f4 22. Nd4 Qd5 23. N2f3 c5 24. c4 Qd7 25. e6 Qc8 26. exf7+ Rxf7 27. Ng5 cxd4 28. Nxf7 Nf5 29. Rh3 Kxf7 30. b3 Ne3+ 31. Kg1 Qf5 32. Rxe3 dxe3 33. Rd1 Re8 34. Rd5 Qb1+ 35. Rd1 Qe4 36. Rd7+ Re7 37. Rd1 Re6 38. Rd7+ Kf6 39. Qg4 g5 40. hxg6 hxg6 41. Qh4+ g5 42. Qh8+ Kf5 43. Rf7+ Rf6 44. Rxf6+ Ke5 45. Rf8+ Kd6 46. Rd8+ Kc5 47. Qf8+ Kb6 48. Qd6+ Qc6 49. Qxc6+ Kxc6 50. Rg8 Kc5 51. Rxg5+ Kd4 52. Kf1 Ke4 53. Ke2 Kd4 54. Rg7 Kc3 1-0

[Event "Kent Oliver mem."]
[Site "Winnipeg CAN"]
[Date "2007.01.12"]
[Round "1"]
[White "Campbell, Jamie"]
[Black "Kaptsan, Aron"]
[Result "1/2-1/2"]
[WhiteElo "1516"]
[BlackElo "2015"]
[PlyCount "48"]
[GameId "2160767910735144"]
[EventDate "2007.01.12"]
[EventType "swiss"]
[EventRounds "5"]
[EventCountry "CAN"]
[SourceTitle "EXT 2022"]
[Source "ChessBase"]
[SourceDate "2021.10.06"]
[SourceVersion "1"]
[SourceVersionDate "2021.10.06"]
[SourceQuality "1"]

1. Nf3 c5 2. g3 b6 3. Bg2 Bb7 4. O-O Nf6 5. c3 e6 6. d4 Be7 7. Bf4 O-O 8. Nbd2 cxd4 9. cxd4 d5 10. Rc1 Nc6 11. e3 Rc8 12. Ne5 Nxe5 13. Bxe5 Nd7 14. g4 Nxe5 15. dxe5 Rxc1 16. Qxc1 Qb8 17. f4 Rc8 18. Qb1 Qc7 19. Nb3 Ba6 20. Rc1 Qd7 21. Rxc8+ Qxc8 22. Nd4 f6 23. exf6 Bxf6 24. f5 Bxd4 1/2-1/2

[Event "Kent Oliver mem."]
[Site "Winnipeg CAN"]
[Date "2007.01.12"]
[Round "1"]
[White "Curtis, Rory"]
[Black "Lipnowski, Samuel"]
[Result "0-1"]
[WhiteElo "1650"]
[BlackElo "2268"]
[PlyCount "111"]
[GameId "2160767910735145"]
[EventDate "2007.01.12"]
[EventType "swiss"]
[EventRounds "5"]
[EventCountry "CAN"]
[SourceTitle "EXT 2022"]
[Source "ChessBase"]
[SourceDate "2021.10.06"]
[SourceVersion "1"]
[SourceVersionDate "2021.10.06"]
[SourceQuality "1"]

1. Nf3 c5 2. g3 g6 3. Bg2 Bg7 4. d3 Nf6 5. O-O O-O 6. e4 Nc6 7. Nbd2 d6 8. Re1 Bg4 9. h3 Bd7 10. c3 Qc7 11. Nf1 Rab8 12. Bf4 e5 13. Bg5 h6 14. Bd2 Be6 15. g4 Kh7 16. Ng3 Ng8 17. Nh2 b5 18. g5 hxg5 19. Bxg5 f6 20. Be3 Bh6 21. h4 Bxe3 22. fxe3 Qg7 23. h5 Nh6 24. Kf2 Ne7 25. Rh1 f5 26. hxg6+ Qxg6 27. Nf3 Rg8 28. Rxh6+ Kxh6 29. Qh1+ Kg7 30. Qh5 Qxh5 31. Nxh5+ Kf7 32. Ng3 Rg7 33. exf5 Nxf5 34. Ne4 Ke7 35. Neg5 Bd7 36. Rh1 Rf8 37. e4 Nh4 38. Rxh4 Rxg5 39. Bh3 Bxh3 40. Rxh3 Rg7 41. Rg3 Rxg3 42. Kxg3 Rg8+ 43. Kh3 a5 44. Kh2 Kf6 45. Nh4 Rg4 46. Nf5 Rf4 47. Kg2 Rxf5 48. exf5 d5 49. Kf2 Kxf5 50. Kf3 e4+ 51. Ke3 Ke5 52. d4+ cxd4+ 53. cxd4+ Kf5 54. Ke2 Kf4 55. Kf2 e3+ 56. Ke1 0-1